000 00733nam a22002057a 4500
999 _c3724
_d3724
003 AR-CdUCM
008 190307b ||||| |||| 00| 0 spa d
020 _a978-99953-50-06-2
040 _aMUNICIPALIDAD PROVINCIAL DEL CUSCO
_cBIBLIOTECA MUNICIPAL DEL CUSCO
082 _a800.4 /
_bU81
100 _aUrruza, Juan Eduardo de (seudonimo Jeu Azarru)
_912057
245 _aDiferentes caminos a la verdad /
260 _aParaguay :
_bEdit.Arandurá,
300 _a195 paginas ;
_c19 cm.
505 _aContenido :Diálogos fantásticos --Diálogos de amor --Monologos de aquí --Otros diálogos,monólogos y pensamientos /
650 _aLiteratura Paraguaya
_96844
650 _aRelatos
_9195
942 _2ddc
_cLIBROS
945 _arjall